000 00698nam a2200241Ia 4500
003 OSt
005 20220927110710.0
006 a|||||r|||| 00| 0
007 ta
008 220926b |||||||| |||| 00| 0 eng d
024 _a101130
037 _cReports
040 _aRTL
_cRTL
_beng
041 _2eng
_aeng
082 _a"X9(KZ2).262s, G0"
110 _a"Bengal, Agriculture (Deptt)"
_9379833
245 0 _aReport on the cattle census of the Bengal Presiden
260 _aAlipore
_bGovernment Press
_c1930
650 _aAnimal Husbandry Industry
700 _a"Bengal, Agriculture (Deptt)"
_9379834
942 _h"X9(KZ2).262s, G0"
_cCC
999 _c697660
_d697660